000 00380nam a2200145Ia 4500
008 240624s9999 xx 000 0 und d
041 _aeng
082 _a343.66907 SIN
100 _aSINGH AVTAR
245 _aLAW OF CONSUMER PROTECTION PRINCIPLES AN
250 _a(4th ed.)
260 _c2005
_aLucknow
_bEastern Book Company
300 _a720 : p. : cm. ; 24
365 _cRS
_b15
999 _c12011
_d12011